| 000 | 01149nam a2200361Ia 4500 | ||
|---|---|---|---|
| 003 | OSt | ||
| 005 | 20220912144621.0 | ||
| 006 | a|||||r|||| 00| 0 | ||
| 007 | ta | ||
| 008 | 220909b |||||||| |||| 00| 0 eng d | ||
| 020 | _a9781439825709 (hb) | ||
| 020 | _aSL01535211 | ||
| 024 | _a156877 | ||
| 037 | _b557, 27/10/2011, Aviva Books Company | ||
| 037 | _cTextual | ||
| 040 |
_aCSL _beng _cCSL |
||
| 041 | _aeng | ||
| 082 | _aD65,8(B)92:(894), Q1 TD | ||
| 100 | _aMcandrew Alasdair | ||
| 245 | 0 | _aIntroduction to cryptography with open source software | |
| 260 |
_aNew York _bC R C Press _c2011 |
||
| 300 | _axv;441p | ||
| 490 | _aDiscrete mathematics and its applications | ||
| 500 | _aAppendix A-395, B-424p; Include bibliographical references 425-433p; index 435-441p | ||
| 650 | _a Computer software | ||
| 650 | _a Cryptography | ||
| 650 | _a Encryption standard | ||
| 650 | _a Protocols | ||
| 650 | _aComputer Science | ||
| 700 | _aMcandrew Alasdair | ||
| 942 |
_hD65,8(B)92:(894), Q1 TD _cTEXL _2CC |
||
| 999 |
_c13707 _d13707 |
||